000 01809nam a22003017a 4500
999 _c3920
_d3920
003 AR-CdUCM
008 190307b ||||| |||| 00| 0 spa d
040 _aMUNICIPALIDAD PROVINCIAL DEL CUSCO
_cBIBLIOTECA MUNICIPAL DEL CUSCO
082 _a985.04 /
_bP3
110 _aInstituto "Libertador Ramón Castilla"
_912554
245 _aEl Perú y su independencia:
_bantología. Periodo 1819-1822: San Martín /
246 _aSesquicentenario de la Independencia Nacional.
260 _aLima :
_bInstituto "Libertador Ramón Castilla" :
_bCentro de estudios Histórico-Militares del Perú :
_b["Gráfica Industrial"],
_c1971.
300 _a3 volúmenes ;
_bmapas, dibujos ;
_c25 cm.
505 _aContenido v.1: La insurrección de Tupac Amaru y los origenes de la independencia de hispanoamericano, Una nueva carta a los españoles americanos de Vizcardo y Guzman, La revolución de la independencia del Perú --Volumen II: Historia del Perú independiente,San Martín en Pisco -- Primera campaña de arenales a la sierra y victoria del cerro de Pasco, La campaña de Quito y victoria de Pichincha, 1820-1822 -- Declaración, proclamación y jura de la independencia del Perú -- v.3: Historia de la independencia del Perú, Campañas de guerra de la independencia del Perú...
650 _aHistoria del Perú - Independencia
_912555
650 _aIndependencia del Perú
_912556
650 _aSan Martín
_9306
700 _aPuente Candamo, José A. de la
_912557
700 _aPaz Soldán, Mariano Felipe
_912558
700 _aBonilla, Manuel C.
_912559
700 _aDellepiane, Carlos
_912560
700 _aBarra, Felipe de la
_912561
700 _aGamio Palcio, Fernando
_912562
710 _aCentro de estudios Histórico-Militares del Perú
_912563
942 _2ddc
_cLIBROS
945 _alccs